Wages Code 2019 (Record no. 20371)

MARC details
000 -LEADER
fixed length control field 00265nam a22001217a 4500
008 - FIXED-LENGTH DATA ELEMENTS--GENERAL INFORMATION
fixed length control field 240118b |||||||| |||| 00| 0 eng d
100 ## - MAIN ENTRY--AUTHOR NAME
Personal name Bare Act EBC
245 ## - TITLE STATEMENT
Title Wages Code 2019
250 ## - EDITION STATEMENT
Edition statement 5th
260 ## - PUBLICATION, DISTRIBUTION, ETC. (IMPRINT)
Place of publication 2023
Name of publisher EBC
Year of publication 2023
300 ## - PHYSICAL DESCRIPTION
Number of Pages 472
942 ## - ADDED ENTRY ELEMENTS (KOHA)
Source of classification or shelving scheme Dewey Decimal Classification
Koha item type Books
Holdings
Accession Number Source of acquisition Price effective from Koha item type Withdrawn / writtenoff status Damaged status Not for loan Permanent Location Current Location Shelving location Date acquired Lost/ Missing status department
LLB 1059 Eastern Book Company, Lucknow 01/18/2024 Books     Not For Loan MIET Library, Jammu MIET Library, Jammu 200/1 12/19/2023   BBA LLB